00363nam a2200133Ia 4500008004100000040001700041041001200058082001900070100001900089245006200108250001200170260002900182300001800211230917s9999||||xx |||||||||||||| ||und|| e111026aMAIN aEnglish a576.50151 L26M aKenneth, Lange 0aMathematical and statistical methods for genetic analysis a2nd ed. aNew YorkbSpringerc2002 axvii p. ; 361